000
00307nam a2200121Ia 4500
008
190216s9999||||xx |||||||||||||| ||und||
100
_a
Albert Cotton F
245
0
_a
Chemical Application Of Group Theory
260
_b
Wiley Eastern Ltd
_c
1971
300
_a
386p
650
_a
Chemistry-Chemistry
942
_c
BK
999
_c
2610
_d
2610